000 01630nam a2200289 i 4500
001 183979
003 ES-MaACL
005 20251207122511.0
008 150122s1913 fr |||| | fre d
080 _a273.911
245 0 0 _aPatrologia Orientalis.
_nTomus nonus /
_c[publié par] R. Graffin, F. Nau.
260 _aParis :
_bFirmin-Didot et Cie,
_c1913.
300 _a677 p. ;
_c28 cm.
505 8 _aContiene: Le livre d'Esther / version éthiopienne publiée et traduite par Francisco Maria Esteves Pereira. - Les apocryphes coptes / publiés et traduits par le Dr. E. Revillout. - Le testament en Galilée de notre-seigneur Jésus-Christ / texte éthiopien édité et traduit par L. Guerrier avec le concours de S. Grébaut. - Le synaxaire éthiopien : les mois de Sanê, Hamlê, Nahasê et Pâguemen / publiés et traduits par Ignazio Guidi avec le concours de L. Desnoyers, A. Singlas et S. Grébaut. - La seconde partie de l'histoire de Barhadbešabba `Arbaïa et controverse de Théodore de Mopsueste avec les macédoniens / texte syriaque édité et traduit par F. Nau,...
650 _aPatrística.
_915895
650 0 7 _aLiteratura cristiana primitiva
_2embne
_914529
700 1 _aPereira, Francisco María Esteves,
_d1854-1924
_9150790
700 0 _aRevillout, Eugéne.
_996448
700 1 _aGuerrier, Louis.
_9156194
700 1 _aGrébaut, Sylvain.
_9156167
700 1 _aGuidi, Ignazio (
_d1844-1935)
_9156161
700 0 _aDesnoyers, Louis.
_943911
700 1 _aGraffin, René,
_d1858-1941
_9156163
700 1 _aNau, François.
_985006
852 _aES-MaACL
_jG-698
999 _c183979
_d183979